Kliknij stolicę z Australii i Oceanii na mapie - Statystyki

Ogólne statystyki
  • Ten quiz został rozwiązany 30 razy
  • Średni wynik to 7 z 14
Odpowiedzi na mapie
Odpowiedzi zakodowano w zielono-czerwonej skali na mapie do tego quizu, zgodnie z poniższymi procentami.
 
Statystyki odpowiedzi
Odpowiedź % Poprawnych
Wellington
95%
Canberra
85%
Port Moresby
55%
Suva
55%
Apia
45%
Ngerulmud
45%
Palikir
45%
Port Vila
45%
Tarawa Południowa
45%
Yaren
45%
Honiara
40%
Majuro
40%
Nukuʻalofa
40%
Funafuti
30%
Nie znaleziono quizów pasujących do podanych kryteriów
Rozkład punktacji
Procent ludzi z każdym wynikiem
Percentyl według liczby udzielonych odpowiedzi
Twoja historia wyników
Nie rozwiązałeś tego quizu